00556nam a2200157 a 450000100100000000500170001000800410002702000150006804000250008310000270010824500950013526000730023030000210030350000420032450400320036600003751420200930080415.0120420s1988 sp 000 0 spa d a8400068874 aDO-SdBNPbspacBNPHU1 aSevilla Soler, Rosario10aInmigración y cambio socio-económico en Trinidad (1783-1797) /cRosario Sevilla Soler. aSevilla :bEscuela de Estudios Hispano-Americanos de Sevilla,c1988. a238 p. ;c25 cm. aIncluye notas al pie de las páginas aBibliografía : p. 237-238